The King of the Castle
Novela romántica, con un poco de misterio, donde la protagonista Dallas Lawson quien es encargada de restaurar arte, es contratada por el conde del castillo y se ve envuelta en una serie de misterios y situaciones que se presentan en el transcurso de su estadía en dicho sitio.
محفوظ في:
| المؤلف الرئيسي: | |
|---|---|
| التنسيق: | كتاب |
| اللغة: | Undetermined |
| منشور في: |
New York, Estados Unidos
Doubleday & Company
1967
|
| الموضوعات: | |
| الوسوم: |
إضافة وسم
لا توجد وسوم, كن أول من يضع وسما على هذه التسجيلة!
|
MARC
| LEADER | 00000nam a2200000Ia 4500 | ||
|---|---|---|---|
| 008 | 170316s9999 xx 000 0 und d | ||
| 040 | |a cru BVZT | ||
| 090 | |a 820 H-10k | ||
| 100 | |a Holt, Victoria |9 859 | ||
| 245 | 4 | |a The King of the Castle |c / Victoria Holt | |
| 260 | |a New York, Estados Unidos | ||
| 260 | |b Doubleday & Company | ||
| 260 | |c 1967 | ||
| 300 | |a 253 páginas | ||
| 520 | |a Novela romántica, con un poco de misterio, donde la protagonista Dallas Lawson quien es encargada de restaurar arte, es contratada por el conde del castillo y se ve envuelta en una serie de misterios y situaciones que se presentan en el transcurso de su estadía en dicho sitio. | ||
| 650 | |a LITERATURA INGLESA |9 12 | ||
| 650 | |a NOVELA |9 13 | ||
| 650 | |a EN IDIOMA INGLÉS |9 129 | ||
| 999 | |c 6917 |d 6917 | ||
| 942 | |c 15 D |h 820 H-10k |2 z | ||
